=LDR 00000nam 2200000 4500 =001 000983 =005 20250712021535 =035 ##$$a 0010-0725000862 =007 ta =008 250712################a##########0#ind## =020 ##$$a 978-623-307-000-3 =082 ##$$a 398.209 598 =084 ##$$a 398.209 598 UMM f =100 #$$a Dewi cholidatul =245 1#$$a Festival cap go meh /$c Dewi cholidatul =250 ##$$a Cetakan Pertama =260 ##$$a Rawamangun :$b Badan Pengembangan dan Pembinaan Bahasa,$c 2020 =300 ##$$a 36 hlm. : $b Ilus. ; $c 29,7 cm. =650 #4$$a Festival kesenian - Kalimantan Barat =650 #4$$a Cerita anak-singkawang =856 ##$$a TBM AS SUHADA